[Event "Mislata op-B 45th"]
[Site "Mislata"]
[Date "2011.08.20"]
[Round "8"]
[White "Martinez Ramon, Senen"]
[Black "Fernandez Soriano, Ruben"]
[Result "1-0"]
[WhiteElo "2049"]
[BlackElo "2088"]
[PlyCount "101"]
[EventDate "2011.08.15"]
[EventType "swiss"]
[EventRounds "9"]
[EventCountry "ESP"]
[SourceTitle "EXT 2014"]
[Source "ChessBase"]
[SourceDate "2013.11.20"]
[SourceVersion "1"]
[SourceVersionDate "2013.11.20"]
[SourceQuality "1"]

1. c4 b6 2. Nc3 Bb7 3. d4 Nf6 4. f3 e6 5. e4 d6 6. Bg5 Be7 7. Bd3 e5 8. Be3 exd4 9. Bxd4 Nc6 10. Be3 0-0 11. Nge2 Ne5 12. 0-0 Re8 13. Nd4 Bf8 14. Bg5 h6 15. Bh4 Ng6 16. Bf2 c6 17. Qb3 Qc7 18. Rac1 Rad8 19. Rfd1 Qb8 20. Qa4 Qa8 21. Bf1 Rc8 22. Nf5 Red8 23. Bd4 Nd7 24. Bf2 Nc5 25. Qc2 Ne6 26. Qb1 d5 27. cxd5 cxd5 28. exd5 Bxd5 29. Nxd5 Rxc1 30. Nf6+ gxf6 31. Qxc1 Rxd1 32. Qxd1 Qc6 33. Qd2 Kh7 34. b4 Qa4 35. Be1 Ne5 36. Ng3 Qd7 37. Qc2+ Kg8 38. Nh5 Be7 39. Qd2 Qd4+ 40. Kh1 Qxd2 41. Bxd2 Nd4 42. b5 Kh7 43. Bc3 Ne6 44. f4 Nd7 45. Bd3+ Kg8 46. Be4 Kf8 47. h3 Bd6 48. f5 Ng5 49. Bc6 Ne5 50. Nxf6 Kg7 51. Ne8+ 1-0

[Event "Valencia-chT Honor"]
[Site "Valencia"]
[Date "2009.01.31"]
[Round "4.6"]
[White "Martinez Ramon, Senen"]
[Black "Gil Gimenez, Jose Vicente"]
[Result "1-0"]
[WhiteElo "2103"]
[BlackElo "2038"]
[PlyCount "127"]
[EventDate "2009.01.10"]
[EventType "team"]
[EventRounds "5"]
[EventCountry "ESP"]
[SourceTitle "EXT 2010"]
[Source "ChessBase"]
[SourceDate "2010.11.25"]
[SourceVersion "1"]
[SourceVersionDate "2010.11.25"]
[SourceQuality "1"]
[WhiteTeam "Manises Eva"]
[BlackTeam "Burjassot"]
[WhiteTeamCountry "ESP"]
[BlackTeamCountry "ESP"]

1. e4 g6 2. d4 Bg7 3. Be3 Nf6 4. f3 d6 5. Qd2 c6 6. Nc3 b5 7. Bd3 Nbd7 8. Bh6 0-0 9. h4 e5 10. dxe5 Nxe5 11. Bxg7 Kxg7 12. 0-0-0 Be6 13. h5 Nxd3+ 14. Qxd3 b4 15. Na4 Qa5 16. h6+ Kg8 17. Qd4 Ne8 18. b3 Qg5+ 19. Qd2 Qxd2+ 20. Rxd2 f5 21. exf5 Bxf5 22. Ne2 c5 23. Ng3 Rc8 24. Nb2 Be6 25. Ne4 c4 26. bxc4 Bxc4 27. Nxc4 Rxc4 28. Nxd6 Nxd6 29. Rxd6 Rfc8 30. Rd2 a5 31. Rhd1 a4 32. Rd8+ Kf7 33. R1d7+ Kf6 34. Rxc8 Rxc8 35. Rb7 Rc4 36. Kd2 g5 37. Rxh7 Kg6 38. Rh8 Rh4 39. Rb8 a3 40. Kd3 Rh2 41. Rxb4 Rxg2 42. h7 Kxh7 43. Rg4 Rf2 44. Rxg5 Rxf3+ 45. Kc4 Kh6 46. Rc5 Kg6 47. Kb4 Kf6 48. Rc3 Rf2 49. Kxa3 Ke6 50. Kb4 Kd6 51. a4 Ke5 52. a5 Rf8 53. Kb5 Rb8+ 54. Ka6 Rb2 55. Ka7 Kd6 56. a6 Kd7 57. Ka8 Rb6 58. a7 Rb2 59. Rb3 Rxc2 60. Kb7 Rc7+ 61. Ka6 Rc6+ 62. Rb6 Rc8 63. Rb8 Rc6+ 64. Kb5 1-0

[Event "Valencia-chT Honor"]
[Site "Valencia"]
[Date "2009.01.17"]
[Round "2.7"]
[White "Martinez Ramon, Senen"]
[Black "Gonzalez Aguirre, Luis"]
[Result "1/2-1/2"]
[WhiteElo "2103"]
[BlackElo "2120"]
[PlyCount "68"]
[EventDate "2009.01.10"]
[EventType "team"]
[EventRounds "5"]
[EventCountry "ESP"]
[SourceTitle "EXT 2010"]
[Source "ChessBase"]
[SourceDate "2010.11.25"]
[SourceVersion "1"]
[SourceVersionDate "2010.11.25"]
[SourceQuality "1"]
[WhiteTeam "Manises Eva"]
[BlackTeam "Ateneo Maritimo"]
[WhiteTeamCountry "ESP"]
[BlackTeamCountry "ESP"]

1. e4 c6 2. d4 d5 3. Nd2 dxe4 4. Nxe4 h6 5. Nf3 Bg4 6. Be2 Nd7 7. 0-0 Ngf6 8. Ng3 e6 9. h3 Bxf3 10. Bxf3 Bd6 11. Ne4 Nxe4 12. Bxe4 Qh4 13. Qf3 f5 14. Bxc6 bxc6 15. Qxc6 Ke7 16. d5 Rhc8 17. Qb7 e5 18. f4 Rab8 19. Qa6 Rxc2 20. Qd3 Bc5+ 21. Kh2 Rf2 22. d6+ Bxd6 23. Rxf2 Qxf2 24. Be3 Qh4 25. Rd1 Qf6 26. Qe2 Qe6 27. Bxa7 Rb7 28. Bf2 Qxa2 29. Bh4+ Ke6 30. Qh5 Nf6 31. Bxf6 gxf6 32. Qe8+ Re7 33. Qg8+ Rf7 34. Qe8+ Re7 1/2-1/2

[Event "Galapagar op 09th"]
[Site "Galapagar"]
[Date "2008.07.24"]
[Round "6"]
[White "Ballesteros Gonzalez, David"]
[Black "Martinez Ramon, Senen"]
[Result "1-0"]
[WhiteElo "2285"]
[BlackElo "2072"]
[PlyCount "132"]
[EventDate "2008.07.19"]
[EventType "swiss"]
[EventRounds "9"]
[EventCountry "ESP"]
[SourceTitle "EXT 2009"]
[Source "ChessBase"]
[SourceDate "2008.11.26"]
[SourceVersion "1"]
[SourceVersionDate "2008.11.26"]
[SourceQuality "1"]

1. d4 f5 2. Nc3 Nf6 3. Bg5 e6 4. e4 fxe4 5. Nxe4 Be7 6. Bxf6 Bxf6 7. Qh5+ g6 8. Qh6 Nc6 9. c3 Qe7 10. Nf3 Bg7 11. Qe3 d6 12. Bb5 Bd7 13. Neg5 0-0-0 14. h4 Rdf8 15. 0-0-0 Rf5 16. Bc4 d5 17. Bd3 Rff8 18. Rhe1 Bh6 19. Kb1 Qf6 20. Re2 Re8 21. Ne5 Re7 22. f4 Nd8 23. c4 c6 24. Rc1 Ree8 25. g3 Qg7 26. Rc3 Bxg5 27. hxg5 Rhf8 28. Ra3 Kb8 29. Qd2 Bc8 30. Qb4 Qc7 31. Rh2 Rh8 32. Rh1 Nf7 33. Qc5 b6 34. Nxc6+ Ka8 35. Qb5 Nd6 36. Qa4 Kb7 37. c5 Nc4 38. Bxc4 dxc4 39. Ne5 Ka8 40. c6 Rd8 41. Qxc4 Rhf8 42. Qb4 Rfe8 43. Rc3 Re7 44. a4 Qd6 45. Qxd6 Rxd6 46. Rd1 Kb8 47. b4 Kc7 48. Kb2 Rd8 49. Kb3 a5 50. bxa5 bxa5 51. Rc5 Rd5 52. Rxd5 exd5 53. Rc1 Kd6 54. Rc5 Ra7 55. Rb5 Ke6 56. Rb8 Ba6 57. Rf8 Rc7 58. g4 Rc8 59. Rf6+ Ke7 60. Rf7+ Kd6 61. f5 Rb8+ 62. Kc3 Bc8 63. f6 Be6 64. Rxh7 Rb4 65. Rd7+ Bxd7 66. Nxd7 Rb8 1-0

[Event "NATO-ch 17th"]
[Site "Berkshire"]
[Date "2006.08.25"]
[Round "7"]
[White "Van den Heuvel, Tonnie"]
[Black "Martinez Ramon, Senen"]
[Result "1/2-1/2"]
[WhiteElo "1950"]
[BlackElo "2075"]
[PlyCount "92"]
[EventDate "2006.08.21"]
[EventType "swiss"]
[EventRounds "7"]
[EventCountry "ENG"]
[SourceTitle "EXT 2007"]
[Source "ChessBase"]
[SourceDate "2006.11.23"]
[SourceVersion "1"]
[SourceVersionDate "2006.11.23"]
[SourceQuality "1"]

1. c4 f5 2. g3 Nf6 3. Bg2 e6 4. Nf3 c6 5. 0-0 d5 6. d3 Bd6 7. Nc3 0-0 8. cxd5 exd5 9. e4 fxe4 10. dxe4 Nxe4 11. Nxe4 dxe4 12. Ng5 Qc7 13. Bxe4 Bf5 14. Bxf5 Rxf5 15. Qh5 g6 16. Qg4 Na6 17. Qc4+ Kh8 18. Bd2 Be5 19. Rae1 Bg7 20. Re4 h6 21. Ne6 Qf7 22. Qe2 Kg8 23. Nxg7 Qxg7 24. Bc3 Qh7 25. Re7 Rf7 26. Rxf7 Qxf7 27. Qe5 Kh7 28. Re1 Rf8 29. f4 Nc7 30. Qc5 Nd5 31. a3 Re8 32. Rxe8 Qxe8 33. Be5 a6 34. Qd6 Qe7 35. Qb8 g5 36. Qh8+ Kg6 37. g4 Qc5+ 38. Bd4 Qc1+ 39. Kf2 Qxf4+ 40. Ke1 Qe4+ 41. Kd2 Qg2+ 42. Kc1 Qf1+ 43. Kd2 Qf4+ 44. Kd3 Qf1+ 45. Kd2 Qf4+ 46. Kd3 Qf1+ 1/2-1/2

[Event "NATO-ch 17th"]
[Site "Berkshire"]
[Date "2006.08.22"]
[Round "2"]
[White "Kocur, Marc"]
[Black "Martinez Ramon, Senen"]
[Result "0-1"]
[WhiteElo "1960"]
[BlackElo "2075"]
[PlyCount "104"]
[EventDate "2006.08.21"]
[EventType "swiss"]
[EventRounds "7"]
[EventCountry "ENG"]
[SourceTitle "EXT 2007"]
[Source "ChessBase"]
[SourceDate "2006.11.23"]
[SourceVersion "1"]
[SourceVersionDate "2006.11.23"]
[SourceQuality "1"]

1. d4 e6 2. Nf3 f5 3. g3 Nf6 4. Bg2 d5 5. Nbd2 Bd6 6. 0-0 0-0 7. c4 c6 8. Ne5 Nbd7 9. Ndf3 Ne4 10. Nxd7 Bxd7 11. Ne5 Be7 12. f3 Nd6 13. Qc2 Bf6 14. b3 Nf7 15. Bb2 Bg5 16. e4 Nxe5 17. dxe5 fxe4 18. fxe4 Be3+ 19. Kh1 Rxf1+ 20. Rxf1 d4 21. Ba3 Qg5 22. Bd6 h5 23. Qe2 b5 24. Qf3 Qg6 25. Bh3 c5 26. g4 h4 27. Be7 Bc6 28. Bg2 h3 29. Qxh3 Bxe4 30. cxb5 Re8 31. Bxc5 Bd3 32. Ra1 Bxb5 33. a4 Bd3 34. Qh5 Qxh5 35. gxh5 Bc2 36. b4 Rc8 37. Bxa7 Rc4 38. b5 Rxa4 39. Rxa4 Bxa4 40. Bc5 Bxb5 41. Bf3 Kh7 42. Kg2 Kh6 43. Bg4 Bc6+ 44. Kh3 Bd5 45. Bb6 Kh7 46. Bd1 Kg8 47. Ba4 Kf7 48. Bc5 Bc4 49. Kg3 Bd3 50. Bc6 Bg1 51. h3 Bc4 52. Be4 Bf1 0-1

[Event "NATO-ch 17th"]
[Site "Berkshire"]
[Date "2006.08.22"]
[Round "3"]
[White "Wantiez, Fabrice"]
[Black "Martinez Ramon, Senen"]
[Result "1-0"]
[WhiteElo "2265"]
[BlackElo "2075"]
[PlyCount "57"]
[EventDate "2006.08.21"]
[EventType "swiss"]
[EventRounds "7"]
[EventCountry "ENG"]
[SourceTitle "EXT 2007"]
[Source "ChessBase"]
[SourceDate "2006.11.23"]
[SourceVersion "1"]
[SourceVersionDate "2006.11.23"]
[SourceQuality "1"]

1. e4 d5 2. exd5 Qxd5 3. Nc3 Qa5 4. d4 Nf6 5. Bd2 c6 6. Bd3 Bg4 7. f3 Bh5 8. Qe2 Qc7 9. Nh3 Nbd7 10. Ng5 h6 11. Nh3 0-0-0 12. g4 Bg6 13. Bxg6 fxg6 14. Nf4 Qd6 15. Ne6 Re8 16. Bf4 Qb4 17. 0-0-0 g5 18. Bg3 h5 19. d5 h4 20. Rd4 Qxd4 21. Nxd4 hxg3 22. dxc6 Nb6 23. Qe6+ Kb8 24. c7+ Ka8 25. Nc6 Rc8 26. Nb5 Nfd5 27. Ncxa7 g2 28. Rd1 Rxh2 29. Nxc8 1-0